| 000 | 00976cam a22003137a 4500 | ||
|---|---|---|---|
| 003 | CHAP | ||
| 005 | 20230629062633.0 | ||
| 008 | 971013s1980 r 00010 d | ||
| 010 | _a19427 | ||
| 011 | _a20399 | ||
| 035 | _a24487 | ||
| 040 | _cCHAP | ||
| 090 | _aD-66 | ||
| 110 | 2 |
_aThe American Phytophatological Society. St. Paul, Minn. _9112621 |
|
| 245 | 1 | 0 | _aSyllabus for potato diseases (Diapositiva) |
| 260 |
_a(s.l.) : _bAmerican Phytophatological Society, _c1980 |
||
| 300 | _a37 diapositivas col. 2 x 2 plg. | ||
| 490 | 0 |
_aDiseases of plants _v; 34 |
|
| 500 | _aNota explicativa | ||
| 590 |
_aBATCH-UPD _b10 _c20130110 _lUCH01 _h0212 |
||
| 590 |
_aBATCH-UPD _b10 _c20130110 _lUCH01 _h1325 |
||
| 590 |
_aCONVERSION _b10 _c20130109 _lUCH01 _h1312 |
||
| 650 | 1 | 7 |
_aPapas _xEnfermedades _2 _985227 |
| 700 | 0 |
_aSherf, Alan F. _9105646 |
|
| 830 | 0 |
_aDiseases of plants _v; 34 _932723 |
|
| 901 | _aBK | ||
| 942 | _cD | ||
| 949 |
_aD-66 _bBC _cD _d-56395 _eD _h59160 _i24487 _si |
||
| 999 |
_c19427 _d19427 |
||